000 00993nam a22003017a 4500
001 8229
003 FISKH
005 20250904101511.0
008 250904b cb ||||| |||| 00| 0 eng d
020 _a9780545496582
040 _aFISKH
_beng
_cFISKH
_dFISKH
050 _aPZ8.C56 I
082 _a398.2
100 _aClimo, Shirley
_d(1928–2012)
245 _aThe Irish Cinderlad /
_cBy Shirley Climo ; illustrated by Lorecca Krupinski
250 _aThis edition first published in 1996
260 _aNew York :
_bScholastic,
_c1996
300 _a24 unnumbered pages :
_bcolor illustrations ;
_c26 cm
505 _aR
520 _aBecan, a poor boy belittled by his stepmother and stepsisters, rescues a princess in distress after meeting a magical bull.
521 8 _a730
_bLexile
521 8 _aR
_bRaz-Plus
650 _2Cinderella
_aFairy tale
650 _2Fantasy
_aPicture book
700 _aKrupinski, Lorecca
_dillustrator
942 _2ddc
_cBK
_n0
999 _c8229
_d8229